000 00750nam a2200253 a 4500
001 54277
003 BD-RjUL
005 20211209080110.0
008 161105s1988 i ||||| |||| 00| 0 eng d
020 _a0470210468
020 _a8122400612
035 _a(BD-RjUL)54399
040 _aBD-RjUL
_beng
_cBD-RjUL
041 _aeng
082 _223
_a519.23
_bBIS 1988
100 1 _aBiswas, Suddhendu
_9145955
245 1 0 _aStochastic processes in demography and applications /
_cSuddhendu Biswas, Edited by Vijay Kumar Sehgal
260 _aNew York :
_bJohn Wiley Sons,
_c1988.
300 _axvi, 354 p. ;
_b23 cm
500 _aIncludes Index
650 _aStochastic processes
_9117665
700 _aSehgal, Vijay Kumar
_9161994
942 _2ddc
_cBK
999 _c54277
_d54277